LEADER 01178nam a2200253 u 4500 001 000000052146 003 CaOOAMICUS 005 20070226115421.0 008 001009s1969 be u000 u fre u 035 $a10857668 040 $aPUL(R)$bita 110 1 $aBelgio.$0(OLS)http://pul/name/28587 240 10$aCode civil$9(Belgio).$0(OLS)http://pul/title/69940 245 10$aCode civil en vigueur en Belgique au 1er mai 1969 = :$bBurgelijk wetboek in België van kracht op 1 mei 1969. 246 31$aBurgerlijck wetboek in België van kracht op 1 mei 1969 260 $aVerviers :$bGérard,$c1969. 300 $a1 v. (varie sequenze) ;$c17 cm 850 $aPUL 852 $aPUL$W1$xDP1 Fondo Ciprotti$y59$m1541 G 24$j68978$nBK-PRI$b $qFondi$B68978$CPULBib$Z2$F68978 $H $81 941 1 $a1 961 $aINV: F.Ciprotti 996 $6245$aCode civil en vigueur en Belgique au 1er mai 1969 = :$bBurgelijk wetboek in België van kracht op 1 mei 1969$9(OLS)http://pul/title/69941 996 $6246$aBurgerlijck wetboek in België van kracht op 1 mei 1969$9(OLS)http://pul/title/69942 996 $6260$aVerviers :$bGérard$9(OLS)http://pul/publisher/68212 LEADER 01111nam a2200265 a 4500 001 000000152959 003 CaOOAMICUS 005 20160718120542.0 008 160718s2003 it ca u000 u ita r 020 $a88-7381-057-8* 032 $aLibriCat 040 $aPUL$bita 100 1 $aDi Chio, Alberto.$0(OLS)http://pul/name/79906 245 14$aUna donna nel cuore della Chiesa : $blettere a Maria Teresa Carloni /$cAlberto Di Chio, Luciana Mirri. 260 $aBologna :$bMinerva,$c©2003. 300 $a493 p. :$bill., ritr. ;$c24 cm. 600 14$aCarloni, Maria Teresa.$0(OLS)http://pul/subject/43585 700 1 $aMirri, Luciana.$0(OLS)http://pul/name/23672 850 $aPUL 852 $aPUL$W1$xDP1 Fondo G. Barberini$y122$m3 B 1$j162799$qFondi$B178474$CPULBib$Z2$F178474 $HBar1970 $81 941 1 $a1 996 $6020$a88-7381-057-8*$9(OLS)http://pul/number/160642 996 $6245$aUna donna nel cuore della Chiesa : $blettere a Maria Teresa Carloni$9(OLS)http://pul/title/192396 996 $6260$aBologna :$bMinerva$9(OLS)http://pul/publisher/85179